Statistiques concernant Les Hauts-de-France de A à Z

Cliquez ici pour prendre le quiz!

Statistiques générales

  • Ce quiz a été pris 259 fois
  • Le résultat moyen est 15 sur 26

Statistiques - réponses

LettreIndiceRéponse% Correct
CElle est reliée à Douvres par un tunnel sous la MancheCalais
92%
DPoliticien français né à Lille ayant mené la résistance française et fondé la Ve RépubliqueCharles De Gaulle
87%
OCôte maritime s'étalant le long du Pas-de-CalaisCôte d'{Opale}
82%
LUne branche du Louvre a ouvert dans cette ville en 2012Lens
79%
QCommune la plus peuplée de l'Aisne avec plus de 50 000 habitantsSaint-{Quentin}
75%
XPrénom du président régional actuel{Xavier} Bertrand
71%
YCette commune dont le nom est le plus court de France se trouve dans la SommeY
71%
IGravelines est la seule commune de France à avoir un jumelage avec ce pays, grâce au bourg de FaskrudsjördurIslande
70%
PSi on se fiait aux clichés, il y en aurait tout le temps dans cette régionPluie
69%
APrincipale eau de source de la régionSaint-{Amand}
68%
TColline artificielle emblématique du bassin minierTerril
66%
ZEtienne Lantier, protagoniste de Germinal ayant vécu l'enfer des corons, a été imaginé par cet écrivainEmile Zola
65%
NAquarium de Boulogne-sur-Mer accueillant plus de 600 000 visiteurs par anNausicaa
64%
SUn soldat y fut tué par Clovis pour avoir brisé un vaseSoissons
61%
ULeur nombre a fortement augmenté dans la région, notamment sur Lille, à partir de la révolution industrielleUsine textile
59%
WPlus grande ville de France commençant par cette lettre, à ne pas confondre avec une défaite napoléonienneWattrelos
53%
VCet architecte et ingénieur français a construit la citadelle de Lille lorsqu'il en était le gouverneurVauban
52%
MNée à Lille, elle obtient le titre de Miss Univers en 2016Iris Mittenaere
51%
RActeur né à Valenciennes, surnommé Le Grand Blond, dont le nom est parfois utilisé pour désigner un maladroitPierre Richard
49%
HProvince belge à laquelle appartient historiquement une partie de la régionHainaut
42%
GHautes statues mobiles inscrites au patrimoine culturel immatériel de France en 2014Géants du Nord
40%
KCapitaine de l'équipe nationale de football pendant 6 ans et premier ballon d'or français en 1958, né à Noeux-les-MinesRaymond Kopa
40%
ECe fleuve prend sa source dans l'Aisne pour se jeter en mer du Nord, aux Pays-BasEscaut
34%
BVille au nord de Dunkerque la plus septentrionale de France, tous territoires confondusBray-Dunes
33%
JRappeur révélé à la sphère internet après avoir été victime d'une caméra cachée de Greg Guillotin (en 3 lettres)JNR
24%
FUne grande fusillade a lieu dans cette ville après des manifestations le 1er mai 1891Fourmies
22%

Distribution des résultats

Percentile par nombre de réponses

% des personnes avec chaque résultat

Votre développement - résultats

Vous n’avez pas pris ce quiz